000
00264nam a22001097a 4500
082
_a
900
100
_a
Thurston Edgar
_9
80028
245
_a
Omens and Superstitions of Southern India
260
_a
Delhi
_b
Shilpy Pra
_c
2019
650
_a
History
_9
80029
942
_c
BK
999
_c
63532
_d
63532